00761nas a2200241Ia 4500001002200000003001000022008004100032040002500073041001200098100001100110210003300121222003300154240003100187245003100218250001100249260000900260501012300269300001100392362001200403500007300415650002000488700001100508dg16-803 [d000000726]IT-MiCISF161014c99999999xx |||||||||||| ||und|| aIT-MiCISFcIT-MiCISF aINGLESE aAA.VV. aPlanned Parenthood in Europe aPlanned Parenthood in Europe aAbortion and Contraception 0aAbortion and Contraception a1a ed. c1991 bCISF - Centro Internazionale Studi Famiglia - Via Giotto, 36 20145 MILANO (non commercial uses only)cCopyright 2016 app. 36 a [1991] a Tema: aborto, società, legislazione, comparazione, contraccezione aABORTOvrivista aAA.VV.